000
00304nam a22001457a 4500
008
210305b ||||| |||| 00| 0 eng d
020
_a
0716713543
041
_a
eng
080
_a
91
082
_2
91
100
_a
42
101
_a
GJEO
245
_a
Sedimentary Petrology
_c
Blatt,H
942
_2
udc
_c
BK
999
_c
55779
_d
55779